Estudio de factibilidad de un plan educativo para refugiados en México y Costa Rica /

Guardado en:
Bibliografiske detaljer
Hovedforfatter: Fernández, Gabriela
Andre forfattere: Mourguiart, Víctor Pérez, Danilo Quezada Toro, Cecilia Torres, Claudio
Format: Texto
Udgivet: San José: SUM-Costa Rica
Tags: Tilføj Tag
Ingen Tags, Vær først til at tagge denne postø!

MARC

LEADER 00000 a a2200000 04500
001 21178
003
040
090 |a 092100  
100 |a Fernández, Gabriela  
245 |a Estudio de factibilidad de un plan educativo para refugiados en México y Costa Rica /  |c Gabriela Fernández 
260 |a San José:   |b SUM-Costa Rica  
300 |a 165 p.  
700 |a Mourguiart, Víctor   |a Pérez, Danilo   |a Quezada Toro, Cecilia   |a Torres, Claudio  
999 |c 15542  |d 15542